<?xml version="1.0" encoding="UTF-8"?>
<record
    xmlns:xsi="http://www.w3.org/2001/XMLSchema-instance"
    xsi:schemaLocation="http://www.loc.gov/MARC21/slim http://www.loc.gov/standards/marcxml/schema/MARC21slim.xsd"
    xmlns="http://www.loc.gov/MARC21/slim">

  <leader>00309    a2200097   4500</leader>
  <datafield tag="100" ind1="1" ind2=" ">
    <subfield code="a">Levinsohn, Stephen H.</subfield>
  </datafield>
  <datafield tag="245" ind1="0" ind2="0">
    <subfield code="c">Stephen H. Levinsohn</subfield>
    <subfield code="a">Discourse features of New Testament Greek</subfield>
    <subfield code="b">a coursebook</subfield>
  </datafield>
  <datafield tag="260" ind1=" " ind2=" ">
    <subfield code="a">Dallas:</subfield>
    <subfield code="b">SIL.,</subfield>
    <subfield code="c">1992.</subfield>
  </datafield>
  <datafield tag="300" ind1=" " ind2=" ">
    <subfield code="a">222 p.</subfield>
  </datafield>
  <datafield tag="650" ind1=" " ind2="4">
    <subfield code="a">GREEK LANGUAGE</subfield>
    <subfield code="x">BIBLICAL, DISCOURSE ANALYSIS</subfield>
  </datafield>
  <datafield tag="999" ind1=" " ind2=" ">
    <subfield code="c">63461</subfield>
    <subfield code="d">63435</subfield>
  </datafield>
</record>
